| 000 | 00000nam##2200000za#4500 |
| 001 | 9.572408 |
| 003 | CaOODSP |
| 005 | 20220111083057 |
| 007 | cr ||||||||||| |
| 008 | 150406|1993||||xxc|||||o f|0| 0 eng|d |
| 022 | |a1928-6414 |
| 040 | |aCaOODSP|beng |
| 043 | |an-cn--- |
| 086 | 1 |aNE22-1/1993-2E-PDF |
| 110 | 1 |aCanada. |bNational Energy Board. |
| 245 | 10|aReasons for decision in the matter of ENCO Gas, Ltd.; Grand Valley Gas Company as agent for The Washington Water Power Company; Poco Petroleums Ltd.; San Diego Gas & Electric Company and Bow Valley Industries Ltd.; San Diego Gas & Electric Company and Canadian Hunter Marketing Ltd.; San Diego Gas & Electric Company and Husky Oil Operations Ltd.; San Diego Gas & Electric Company and Summit Resources Limited; Southern California Edison Company and AEC Oil and Gas Company a division of Alberta Energy Company Ltd.; Southern California Edison Company and Imperial Oil Resources Limited; Southern California Edison Company and Shell Canada Limited; Southern California Edison Company and Western Gas Marketing Limited; Summit Resources Limited : |h[electronic resource]|bapplications pursuant to part VI of the National Energy Board Act for licences to export natural gas |
| 246 | 1 |iVariant title : |aENCO Gas, Ltd., Grand Valley Gas Company as agent for The Washington Water Power Company ... |
| 260 | |aCalgary - Alberta : |bNational Energy Board |cJanuary 1993. |
| 300 | |a114p.|bgraphs, tables |
| 490 | 1 |aReasons for decision|x1928-6414|vGH-6-92 |
| 500 | |aThe catalogue number (NE22-1/1993-2E) and ISBN (0-662-98071-9) for the print edition have been incorrectly copied in this electronic publication. Copy imperfect: p. 85, 93 missing. |
| 590 | |a12-06-Supp|b2012-03-07 |
| 775 | 08|tMotifs de décision relativement à ENCO Gas, Ltd.; Grand Valley Gas Company, mandataire de The Washington Water Power Company; Proco Petroleums Ltd.; San Diego Gas & Electric Company et Bow Valley Industries Ltd.; San Diego Gas & Electric Company et Canadian Hunter Marketing Ltd.; San Diego Gas & Electric Company et Husky Oil Operations Ltd.; San Diego Gas & Electric Company et Summit Resources Limited; Southern California Edison, Company et AEC Oil and Gas Company, une division de l'Alberta Energy Company Ltd.; Southern California Edison Company et Pétrolière Impériale Ressources Limitée; Southern California Edison Company et Shell Canada Limitée; Southern California Edison Company et Western Gas Marketing Limited; Summit Resources Limited : |w(CaOODSP)9.602761 |
| 776 | 0#|tIn the matter of: ENCO Gas, Ltd.; Grand Valley Gas Company as agent for The Washington Water Power Company; Poco Petroleums Ltd.; San Diego Gas & Electric Company and Bow Valley Industries Ltd.; San Diego Gas & Electric Company and Canadian Hunter Marketing Ltd.; San Diego Gas & Electric Company and Husky Oil Operations Ltd.; San Diego Gas & Electric Company and Summit Resources Limited; Southern California Edison Company and AEC Oil and Gas Company a division of Alberta Energy Company Ltd.; Southern California Edison Company and Imperial Oil Resources Limited; Southern California Edison Company and Shell Canada Limited; Southern California Edison Company and Western Gas Marketing Limited; Summit Resources Limited : |w(CaOODSP)9.608702 |
| 830 | #0|aReasons for decision (Canada. National Energy Board)|x1928-6414|vGH-6-92|w(CaOODSP)9.504480 |
| 856 | 40|ahttp://publications.gc.ca|qPDF|s274 KB|uhttps://publications.gc.ca/collections/Collection/NE22-1-1993-2E.pdf|yGH-6-92 |